| 000 -LEADER | |
|---|---|
| fixed length control field | 00431nam a22001697a 4500 |
| 005 - DATE AND TIME OF LATEST TRANSACTION | |
| control field | 20180201124052.0 |
| 008 - FIXED-LENGTH DATA ELEMENTS--GENERAL INFORMATION | |
| fixed length control field | 160701b xxu||||| |||| 00| 0 eng d |
| 020 ## - INTERNATIONAL STANDARD BOOK NUMBER | |
| ISBN | 978-81-203-2233-2 |
| 041 ## - LANGUAGE CODE | |
| Language code of text/sound track or separate title | eng |
| 082 ## - DEWEY DECIMAL CLASSIFICATION NUMBER | |
| Item number | 20392 |
| Classification number | 004 |
| 100 ## - MAIN ENTRY--AUTHOR NAME | |
| Personal name | lewis harry R. and others |
| 245 ## - TITLE STATEMENT | |
| Title | Elements of the theory of computation |
| 260 ## - PUBLICATION, DISTRIBUTION, ETC. (IMPRINT) | |
| Name of publisher | Pearson |
| Year of publication | 2014 |
| 300 ## - PHYSICAL DESCRIPTION | |
| Number of Pages | 351 |
| 650 ## - SUBJECT ADDED ENTRY--TOPICAL TERM | |
| Topical Term | Information Technology |
| 942 ## - ADDED ENTRY ELEMENTS (KOHA) | |
| Koha item type | Books |
| Lost status | Damaged status | Collection code | Home library | Current library | Shelving location | Date acquired | Cost, normal purchase price | Full call number | Accession Number | Koha item type | Source of acquisition |
|---|---|---|---|---|---|---|---|---|---|---|---|
| Reference | JRU Library | SHELF-30-B | 01/07/2016 | 350.00 | 004.16 | 20392 | Books | ||||
| CS/IT | JRU Library | JRU Library | SHELF-53-G | 01/07/2016 | 350.00 | 004.16 | 20393 | Books | |||
| CS/IT | JRU Library | JRU Library | SHELF-53-G | 01/07/2016 | 350.00 | 004.16 | 20394 | Books | |||
| CS/IT | JRU Library | JRU Library | SHELF-53-G | 01/07/2016 | 350.00 | 004.16 | 20395 | Books | PURCHASE | ||
| CS/IT | JRU Library | JRU Library | SHELF-53-G | 01/07/2016 | 350.00 | 004.16 | 20396 | Books |